000 00369 a2200145 4500
001 81775
082 _a621.38153MAN
090 _c39835
_d39835
100 _aMano, M Morris
245 _aDigital logic and computer design, 1st Ed
_cMorris Mano, M
250 _a1
260 _bPrentice Hall
_aNJ
_c1979
300 _axii 612 p.
500 _aAvionics Textbook
942 _aNUST-CAE
_k621.38153MAN
_cAV
999 _c316848
_d316848